The death of Che Guevara : a novel = La muerte de Che Guevara: una novela /

Saved in:
Bibliographic Details
Main Author: Cantor, Jay
Format: Unknown
Language:English
Published: New York : Vintage Contemporaries, 1983.
Edition:1 edición
Subjects:
Tags: Add Tag
No Tags, Be the first to tag this record!

MARC

LEADER 000000000a22000000004500
001 013250
020 |a 0394725921 
041 0 |a eng 
082 0 4 |a 813.54   |b C232d 
100 1 |a Cantor, Jay 
245 1 4 |a The death of Che Guevara :   |b a novel = La muerte de Che Guevara: una novela /   |c Jay Cantor. 
246 3 1 |a La muerte de Che Guevara: una novela 
250 |a 1 edición 
260 1 |a New York :   |b Vintage Contemporaries,   |c 1983. 
300 |a 577 páginas ;   |c 21 cm. 
650 4 |a GUEVARA, ERNESTO, 1928-1967 
650 4 |a FICCION 
650 4 |a GUERRILLAS 
650 4 |a AMERICA LATINA 
650 4 |a CUBA 
650 4 |a HISTORIA 
650 4 |a REVOLUCION, 1959 
500 |a Colección George Yúdice 
999 |c 19183  |d 19183 
942 |c BK  |h 813.54 C232d  |2 z